| 000 | 00711nam a2200205Ii 4500 | ||
|---|---|---|---|
| 003 | JO-AjNU | ||
| 008 | 230605s9999||||xx |||||||||||||| ||und|| | ||
| 017 | _a2000/7/2181 | ||
| 040 |
_aJO-AjNU _bara _erda _cJO-AjNU |
||
| 041 | _aara | ||
| 050 | 1 | 4 | _aQH540.4.F39 2000 |
| 100 | 3 |
_aالفاعوري ، وائل ابراهيم, _eauthor _98095 |
|
| 245 | 0 | 0 | _aمعجم مصطلحات البئية والزراعية والجغرافية |
| 264 | 3 | 1 | _aعمان:المركز الكتاب الاكاديمي ، 2000 |
| 300 | _a134ص | ||
| 336 |
_atext _btxt _2rdacontent |
||
| 337 |
_aunmediated _bn _2rdamedia |
||
| 338 |
_avolume _bnc _2rdacarrier |
||
| 650 | 4 |
_aالمعاجم - البئيه - الزراعة _98096 |
|
| 999 |
_aA613 _c4181 _d4181 |
||